[Event "TCh-RUS Women 2018"]
[Site "Sochi RUS"]
[Date "2018.05.01"]
[Round "1.1"]
[Board "2"]
[White "Filippova, Darya"]
[Black "Kashlinskaya, Alina"]
[Result "0-1"]
[WhiteTitle "WFM"]
[BlackTitle "IM"]
[WhiteElo "1955"]
[BlackElo "2448"]
[WhiteTeam "Yuzny Ural"]
[BlackTeam "Legacy Square Capital Moscow"]
[WhiteFideId "24173738"]
[BlackFideId "4198026"]
[EventDate "2018.05.01"]

1. d4 Nf6 2. c4 e6 3. Nf3 d5 4. Nc3 Nbd7 5. cxd5 exd5 6. Bg5 h6 7. Bf4 Bb4 8.
Rc1 O-O 9. g3 Ne4 10. Bg2 Nb6 11. O-O Nxc3 12. bxc3 Ba3 13. Rb1 Bf5 14. Rb3 Be7
15. Ne5 a5 16. Nd3 a4 17. Rb1 Ra7 18. f3 Nc4 19. e4 Bh7 20. Re1 c6 21. Nf2 b5
22. Bf1 Qa5 23. Bxc4 bxc4 24. Qc1 Rd8 25. Rb8 Rxb8 26. Bxb8 Rb7 27. Bf4 a3 28.
exd5 cxd5 29. Qe3 Bb1 30. Ng4 h5 31. Bg5 Bf8 32. Qe8 Qxc3 33. Nh6+ gxh6 34. Bxh6
Qxe1+ 35. Qxe1 Bxh6 36. Qe5 c3 37. Qxh5 Be3+ 38. Kg2 Bg6 39. Qe5 c2 40. Qxe3 Rb1 0-1

[Event "TCh-RUS Women 2018"]
[Site "Sochi RUS"]
[Date "2018.05.01"]
[Round "1.1"]
[Board "3"]
[White "Shuvalova, Polina"]
[Black "Mamontova, Anastasia"]
[Result "1-0"]
[WhiteTitle "WIM"]
[BlackTitle "WFM"]
[WhiteElo "2416"]
[BlackElo "2051"]
[WhiteTeam "Legacy Square Capital Moscow"]
[BlackTeam "Yuzny Ural"]
[WhiteFideId "24171760"]
[BlackFideId "34100234"]
[EventDate "2018.05.01"]

1. e4 c6 2. d4 d5 3. exd5 cxd5 4. Bd3 Nc6 5. c3 Nf6 6. h3 e5 7. dxe5 Nxe5 8. Be2
Bc5 9. Nf3 Nxf3+ 10. Bxf3 Qb6 11. O-O O-O 12. Nd2 Bd7 13. a4 Bd6 14. Nb3 Bc7 15.
h4 Rfe8 16. Nd4 Ne4 17. g3 Re7 18. a5 Qg6 19. h5 Qf6 20. Qb3 Bc6 21. Kg2 Rae8
22. a6 Bb6 23. axb7 Bxb7 24. Bf4 Bxd4 25. cxd4 Qxd4 26. Be3 Qf6 27. Rxa7 Ba6 28.
Rd1 Rxa7 29. Bxa7 Bc4 30. Qb7 h6 31. b3 Ng5 32. Bxd5 Bxd5+ 33. Qxd5 Ne6 34. Qf3
Qe7 35. Be3 Rb8 36. Rd3 Qe8 37. Bd2 Nc5 38. Rc3 Qb5 39. Qd5 Nxb3 40. Rc8+ Kh7
41. Qe4+ f5 42. Rxb8 Qxb8 43. Qxf5+ Kh8 44. Be3 Qb4 45. Qd5 Na5 46. f3 Nc4 47.
Bd4 Nd6 48. Be5 Ne8 49. Qe6 Qb5 50. Qxh6+ Kg8 51. Qe6+ Kf8 52. Kh3 Qd3 53. Kg4
Qd8 54. f4 Qd2 55. Kg5 Qd8+ 56. Kg6 Qd3+ 57. f5 1-0

[Event "TCh-RUS Women 2018"]
[Site "Sochi RUS"]
[Date "2018.05.01"]
[Round "1.1"]
[Board "4"]
[White "Denikina, Natalia"]
[Black "Voit, Daria"]
[Result "1/2-1/2"]
[WhiteTitle "WFM"]
[BlackTitle "FM"]
[WhiteElo "2174"]
[BlackElo "2382"]
[WhiteTeam "Yuzny Ural Chelyabinsk"]
[BlackTeam "Legacy Square Capital Moscow"]
[WhiteFideId "4135563"]
[BlackFideId "4182146"]
[EventDate "2018.05.01"]

1. e4 c5 2. Nf3 d6 3. d4 cxd4 4. Nxd4 Nf6 5. Nc3 a6 6. h3 e6 7. g4 d5 8. Bg2 Bb4
9. exd5 Nxd5 10. Bd2 Nxc3 11. bxc3 Bd6 12. O-O O-O 13. f4 Qc7 14. Qf3 Nd7 15. f5
Ne5 16. Qe2 exf5 17. gxf5 Bd7 18. f6 g6 19. Qe3 Rfe8 20. Qh6 Bf8 21. Qf4 Rac8
22. Rae1 Nc4 23. Rxe8 Bxe8 24. Bc1 b5 25. Qh4 h5 26. Rf5 Ne5 27. Bf4 Qxc3 28.
Bxe5 Qe3+ 29. Qf2 Qc1+ 30. Qf1 Qe3+ 31. Qf2 Qc1+ 32. Qf1 Qe3+ 1/2-1/2

[Event "TCh-RUS Women 2018"]
[Site "Sochi RUS"]
[Date "2018.05.01"]
[Round "1.2"]
[Board "1"]
[White "Sazonova, Anastasia"]
[Black "Ushenina, Anna"]
[Result "0-1"]
[WhiteTitle "WFM"]
[BlackTitle "GM"]
[WhiteElo "2178"]
[BlackElo "2443"]
[WhiteTeam "Bukavushki Togliatti"]
[BlackTeam "Ugra"]
[WhiteFideId "24131008"]
[BlackFideId "14110911"]
[EventDate "2018.05.01"]

1. d4 Nf6 2. c4 e6 3. Nf3 d5 4. Nc3 c6 5. Bg5 h6 6. Bh4 dxc4 7. a4 Bb4 8. e3 b5
9. Be2 Bb7 10. Qc2 Nbd7 11. O-O a6 12. Ne5 Qb6 13. Bf3 Nxe5 14. dxe5 Nd5 15. Ne2
g5 16. Bg3 Be7 17. Bh5 c5 18. Rfd1 O-O 19. h3 Rad8 20. Nc3 Nxc3 21. Qxc3 Rxd1+
22. Bxd1 Rd8 23. Bc2 Bf8 24. Kh2 Bg7 25. f4 Qc6 26. Rg1 gxf4 27. Bxf4 b4 28. Qe1
Qc7 29. Bb1 Kf8 30. Qh4 Rd2 31. e4 Rd4 32. Re1 Bxe5 33. Qxh6+ Ke8 34. Bxe5 Qxe5+
35. Kh1 Rd7 36. Qh7 Kd8 37. Rf1 Qxb2 38. Qg8+ Kc7 39. Qg3+ Kb6 40. h4 Qe2 41.
Qf4 c3 42. Rf2 Qd1+ 43. Rf1 c2 44. Ba2 Qxf1+ 0-1

[Event "TCh-RUS Women 2018"]
[Site "Sochi RUS"]
[Date "2018.05.01"]
[Round "1.2"]
[Board "2"]
[White "Pogonina, Natalija"]
[Black "Trapeznikova, Darya"]
[Result "1-0"]
[WhiteTitle "WGM"]
[BlackTitle "WFM"]
[WhiteElo "2457"]
[BlackElo "2087"]
[WhiteTeam "Ugra"]
[BlackTeam "Bukavushki Togliatti"]
[WhiteFideId "4147855"]
[BlackFideId "24121118"]
[EventDate "2018.05.01"]

1. d4 f5 2. c4 Nf6 3. Nc3 d6 4. Nf3 g6 5. g3 Bg7 6. Bg2 O-O 7. O-O Qe8 8. b3 e5
9. dxe5 dxe5 10. e4 Nc6 11. Nd5 Qd7 12. exf5 e4 13. Nh4 gxf5 14. Nf4 Rd8 15.
Qxd7 Bxd7 16. Bb2 Re8 17. Bh3 Ne7 18. Rad1 Rad8 19. Ba3 Ng6 20. Nhxg6 hxg6 21.
Nxg6 Kf7 22. Nh4 f4 23. Bxd7 Nxd7 24. gxf4 Bh6 25. Ng2 Nf6 26. Bc1 Nh5 27. Rxd8
Rxd8 28. f3 exf3 29. Rxf3 Kf6 30. Ne3 Rg8+ 31. Kf1 Kg6 32. Ng4 Bf8 33. f5+ Kf7
34. Ne5+ Kf6 35. Bb2 Ke7 36. Ng6+ Kf7 37. Rd3 Nf6 38. Nxf8 Rxf8 39. Rg3 Rd8 40.
Rg6 Ne8 41. Ke2 Kf8 42. h4 Rd7 43. h5 Rh7 44. h6 Kf7 45. Kf3 Nd6 46. Kf4 Ne8 47.
c5 c6 48. Be5 Kf8 49. Kg5 Kf7 50. Re6 1-0

[Event "TCh-RUS Women 2018"]
[Site "Sochi RUS"]
[Date "2018.05.01"]
[Round "1.2"]
[Board "3"]
[White "Chan, Naruna"]
[Black "Girya, Olga"]
[Result "0-1"]
[BlackTitle "WGM"]
[WhiteElo "1927"]
[BlackElo "2465"]
[WhiteTeam "Bukavushki Togliatti"]
[BlackTeam "Ugra"]
[WhiteFideId "24124290"]
[BlackFideId "4195752"]
[EventDate "2018.05.01"]

1. e4 c6 2. d4 d5 3. e5 Bf5 4. h4 h5 5. Bd3 Bxd3 6. Qxd3 Qa5+ 7. Nd2 e6 8. Nf3
Qa6 9. c4 Bb4 10. b3 Ne7 11. O-O c5 12. Qc2 Nd7 13. cxd5 Nxd5 14. dxc5 Bxc5 15.
Ne4 Be7 16. Bg5 Ba3 17. Rad1 O-O 18. Rd4 Rfc8 19. Qd2 b5 20. Ng3 g6 21. Bh6 Be7
22. Re1 Qc6 23. Qe2 Bb4 24. Rxb4 Nxb4 25. Qd2 Nd5 26. Qg5 Qc2 27. Ne4 Qd3 28.
Nd6 Rc2 29. Re4 Qd1+ 30. Re1 Qd3 31. Re4 Re2 32. Rd4 Qb1+ 33. Kh2 Rxf2 34. Rxd5
exd5 35. Qe7 Nxe5 36. Qxe5 Qb2 37. Qg3 Rd8 38. Bf4 Re2 39. Ng5 Rd7 40. Ngxf7
Rxf7 41. Nxf7 Kxf7 42. Qf3 Kg7 43. Qxd5 Qf6 44. Bg3 a6 45. a4 bxa4 46. bxa4 Kh7
47. Qb7+ Re7 48. Qa8 Re6 49. Qb7+ Qe7 50. Qd5 Re2 51. Qf3 Rb2 52. Qf1 a5 53. Qc4
Qb7 54. Qf1 Qd5 55. Qg1 Kg8 0-1

[Event "TCh-RUS Women 2018"]
[Site "Sochi RUS"]
[Date "2018.05.01"]
[Round "1.2"]
[Board "4"]
[White "Kovanova, Baira"]
[Black "Azimova, Karina"]
[Result "1-0"]
[WhiteTitle "WGM"]
[BlackTitle "WFM"]
[WhiteElo "2358"]
[BlackElo "2059"]
[WhiteTeam "Ugra"]
[BlackTeam "Bukavushki Togliatti"]
[WhiteFideId "4164083"]
[BlackFideId "4108310"]
[EventDate "2018.05.01"]

1. e4 c5 2. Nf3 g6 3. d4 cxd4 4. Nxd4 Nf6 5. Nc3 Nc6 6. Nxc6 dxc6 7. Qxd8+ Kxd8
8. Bc4 Bg7 9. a4 Rf8 10. Bf4 Nh5 11. O-O-O+ Bd7 12. Be3 Kc7 13. f3 f5 14. exf5
gxf5 15. Rhe1 e6 16. Bc5 Rfe8 17. Bd6+ Kc8 18. Kb1 Nf6 19. Be5 Nh5 20. g3 a5 21.
Rd4 Bxe5 22. Rxe5 Nf6 23. Rh4 Re7 24. Ne2 Kc7 25. Nf4 Rae8 26. Nh5 Nxh5 27. Rxh5
b6 28. f4 Kd6 29. Rh6 Rf8 30. Kc1 Bc8 31. Kd2 Bd7 32. Ke3 Bc8 33. c3 Bd7 34. b3
Bc8 35. Kf3 Bd7 36. Kf2 Bc8 37. Kf1 Bd7 38. Ke2 Bc8 39. Kd2 Bd7 40. Kc2 Bc8 41.
b4 axb4 42. cxb4 Bd7 43. a5 bxa5 44. bxa5 c5 45. a6 Bc8 46. a7 Rxa7 47. Bxe6
Bxe6 48. Rhxe6+ Kc7 49. Re7+ Kb8 50. Rxa7 Kxa7 51. Rxc5 Kb6 52. Re5 Rf7 53. Kd3
Kc6 54. Kd4 Kd6 55. Ra5 Ke6 56. Ra6+ Ke7 57. Ra7+ 1-0

[Event "TCh-RUS Women 2018"]
[Site "Sochi RUS"]
[Date "2018.05.01"]
[Round "1.3"]
[Board "1"]
[White "Bodnaruk, Anastasia"]
[Black "Yakimenko, Viktoria"]
[Result "1-0"]
[WhiteTitle "IM"]
[BlackTitle "WFM"]
[WhiteElo "2446"]
[BlackElo "2048"]
[WhiteTeam "SShOR St. Petersburg"]
[BlackTeam "CVC Group"]
[WhiteFideId "4181751"]
[BlackFideId "24174998"]
[EventDate "2018.05.01"]

1. e4 c5 2. Nf3 d6 3. d4 cxd4 4. Nxd4 Nf6 5. Nc3 a6 6. Be2 e5 7. Nb3 h6 8. O-O
Be6 9. f4 Be7 10. Be3 Nc6 11. Nd5 O-O 12. Nxf6+ Bxf6 13. f5 Bxb3 14. axb3 b5 15.
c3 Ne7 16. Bd3 d5 17. Bc5 Re8 18. b4 Qd7 19. Qe2 Qb7 20. exd5 Nxd5 21. Be4 Nf4
22. Rxf4 exf4 23. Bxb7 Rxe2 24. Bxa8 Rxb2 25. Bd4 Bxd4+ 26. cxd4 Rxb4 27. d5 Ra4
28. Rd1 Rc4 29. Bc6 b4 30. d6 1-0

[Event "TCh-RUS Women 2018"]
[Site "Sochi RUS"]
[Date "2018.05.01"]
[Round "1.3"]
[Board "2"]
[White "Porozhnyak, Maya"]
[Black "Ovod, Evgenija"]
[Result "0-1"]
[BlackTitle "IM"]
[WhiteElo "2021"]
[BlackElo "2371"]
[WhiteTeam "CVC Group"]
[BlackTeam "SShOR St. Petersburg"]
[WhiteFideId "34115843"]
[BlackFideId "4131827"]
[EventDate "2018.05.01"]

1. e4 c5 2. Nf3 g6 3. c3 d6 4. d4 Nd7 5. Bc4 e6 6. O-O Qc7 7. Na3 a6 8. Be3 b5
9. Be2 Bb7 10. Nd2 f5 11. exf5 exf5 12. Re1 Kf7 13. c4 b4 14. Nc2 Ngf6 15. Nf3
h6 16. h4 a5 17. Bf4 Qb6 18. d5 Bg7 19. Nh2 Ne4 20. f3 Nef6 21. Qd3 Nh5 22. Bc1
Ne5 23. Qe3 f4 24. Qf2 Bc8 25. b3 Bf5 26. Bf1 Nd7 27. Re4 Bxe4 28. fxe4 Bxa1 29.
Nxa1 g5 30. Qf3 Nhf6 31. Qh3 Rae8 32. Bb2 Qd8 33. Qf5 Ne5 34. hxg5 hxg5 35. Qxg5
Rxh2 36. Qxf4 Reh8 37. Be2 Qg8 38. Bf3 Nxf3+ 39. Qxf3 Qg5 40. e5 dxe5 41. d6 Qd2 0-1

[Event "TCh-RUS Women 2018"]
[Site "Sochi RUS"]
[Date "2018.05.01"]
[Round "1.3"]
[Board "3"]
[White "Belenkaya, Dina"]
[Black "Yakimenko, Anastasia"]
[Result "1/2-1/2"]
[WhiteTitle "WGM"]
[BlackTitle "WFM"]
[WhiteElo "2297"]
[BlackElo "2013"]
[WhiteTeam "SShOR St. Petersburg"]
[BlackTeam "CVC Group"]
[WhiteFideId "24142654"]
[BlackFideId "24174980"]
[EventDate "2018.05.01"]

1. e4 c5 2. Nf3 g6 3. c3 a6 4. d4 cxd4 5. cxd4 d5 6. e5 Nc6 7. h3 Bg7 8. Be2 f6
9. Bf4 fxe5 10. dxe5 Nh6 11. O-O O-O 12. Qd2 Nf7 13. Qe3 d4 14. Qb3 e6 15. Bc4
Ncxe5 16. Bxe5 Nxe5 17. Bxe6+ Bxe6 18. Qxe6+ Nf7 19. Nbd2 Kh8 20. Rac1 Ng5 21.
Qb3 b5 22. Rc5 Nxf3+ 23. Nxf3 Rc8 24. Rd5 Qb6 25. Re1 Rc7 26. a4 Qa5 27. Qd1
Qxa4 28. Qxa4 bxa4 29. Nxd4 Rb7 30. Re2 Kg8 31. Rd2 Rfb8 32. Nc6 Re8 33. Nd4
Reb8 34. Nc6 Re8 35. Nd4 Reb8 36. Nc6 Re8 37. Nd4 Reb8 38. Nc6 1/2-1/2

[Event "TCh-RUS Women 2018"]
[Site "Sochi RUS"]
[Date "2018.05.01"]
[Round "1.3"]
[Board "4"]
[White "Sergeeva, Natalia"]
[Black "Styazhkina, Anna"]
[Result "1-0"]
[BlackTitle "WIM"]
[WhiteElo "1985"]
[BlackElo "2299"]
[WhiteTeam "CVC Group"]
[BlackTeam "SShOR St. Petersburg"]
[WhiteFideId "4117743"]
[BlackFideId "24119300"]
[EventDate "2018.05.01"]

1. e4 e5 2. Nf3 Nc6 3. Bc4 Bc5 4. c3 Nf6 5. d3 d6 6. Nbd2 a6 7. Bb3 Ba7 8. Nf1
h6 9. Ne3 Ne7 10. O-O O-O 11. Re1 Ng6 12. a4 Re8 13. a5 Nf4 14. Nc4 N6h5 15. Be3
Qf6 16. Kh1 Bg4 17. Bxf4 Nxf4 18. Ne3 Bh5 19. Nd5 Nxd5 20. Bxd5 c6 21. Bc4 Bxf2
22. Rf1 Ba7 23. Qe1 Rad8 24. Nh4 Qe7 25. Qg3 d5 26. exd5 cxd5 27. Bb3 Qg5 28.
Qe1 Qe3 29. Qxe3 Bxe3 30. Nf5 Ba7 31. Ng3 Bg6 32. Rad1 e4 33. d4 Bb8 34. Nf5 e3
35. Rde1 e2 36. Rf2 Re6 37. g4 h5 38. Rfxe2 Rxe2 39. Rxe2 Kf8 40. h3 f6 41. Kg2
hxg4 42. hxg4 Bf7 43. Kf3 g6 44. Ne3 Bc7 45. Ng2 f5 46. Nf4 fxg4+ 47. Kxg4 Rd6
48. Nd3 Bxa5 49. Nc5 b5 50. Nb7 Re6 51. Rf2 Re4+ 52. Kg5 Bc7 53. Rxf7+ 1-0

[Event "TCh-RUS Women 2018"]
[Site "Sochi RUS"]
[Date "2018.05.02"]
[Round "2.1"]
[Board "2"]
[White "Kashlinskaya, Alina"]
[Black "Nebolsina, Vera"]
[Result "1/2-1/2"]
[WhiteTitle "IM"]
[BlackTitle "WGM"]
[WhiteElo "2448"]
[BlackElo "2218"]
[WhiteTeam "Legacy Square Capital Moscow"]
[BlackTeam "Ladya Tatarstan"]
[WhiteFideId "4198026"]
[BlackFideId "4163591"]
[EventDate "2018.05.01"]

1. d4 d5 2. c4 c6 3. Nf3 Nf6 4. Nc3 a6 5. a4 e6 6. Bg5 Nbd7 7. e3 Qa5 8. Nd2 Bb4
9. Qc2 dxc4 10. Bxf6 Nxf6 11. Nxc4 Qg5 12. a5 Nd5 13. e4 Nc7 14. Qb3 c5 15. Nb6
Rb8 16. Qa4+ Ke7 17. g3 Rd8 18. Rd1 Qg4 19. Bg2 Nb5 20. O-O Bxc3 21. bxc3 Nxc3
22. Qa3 Nxd1 23. Qxc5+ Ke8 24. f3 Qg6 25. Rxd1 Qf6 26. f4 Qe7 27. Qe5 Bd7 28.
Qxg7 Bb5 29. Bf3 Qa3 30. Kg2 Qxa5 31. Bh5 Bf1+ 32. Rxf1 Qxh5 33. Rf2 Qb5 34. Nd5
exd5 35. Qe5+ Kf8 36. Qh8+ Ke7 37. Qe5+ Kf8 38. Qh8+ Ke7 39. Qe5+ Kf8 1/2-1/2

[Event "TCh-RUS Women 2018"]
[Site "Sochi RUS"]
[Date "2018.05.02"]
[Round "2.1"]
[Board "3"]
[White "Markelova, Lubov"]
[Black "Kovalevskaya, Ekaterina"]
[Result "0-1"]
[WhiteTitle "WFM"]
[BlackTitle "IM"]
[WhiteElo "2127"]
[BlackElo "2397"]
[WhiteTeam "Ladya Tatarstan"]
[BlackTeam "Legacy Square Capital Moscow"]
[WhiteFideId "24131369"]
[BlackFideId "4116704"]
[EventDate "2018.05.01"]

1. Nf3 d5 2. d4 e6 3. c4 c5 4. cxd5 exd5 5. Nc3 Nc6 6. e3 Nf6 7. Bb5 Be7 8. dxc5
O-O 9. O-O Bxc5 10. b3 Bg4 11. Bb2 Qd6 12. Rc1 Rad8 13. Be2 a6 14. h3 Bc8 15.
Bd3 Ba7 16. Ne2 Rfe8 17. Ned4 Ne4 18. Nxc6 bxc6 19. Bxe4 Rxe4 20. Qc2 Re6 21.
Bd4 Bb8 22. Qc5 Qd7 23. Qc3 Rg6 24. Kh1 Rxg2 25. Kxg2 Qxh3+ 26. Kg1 Qg4+ 0-1

[Event "TCh-RUS Women 2018"]
[Site "Sochi RUS"]
[Date "2018.05.02"]
[Round "2.1"]
[Board "4"]
[White "Shuvalova, Polina"]
[Black "Bulatova, Kamaliya"]
[Result "1-0"]
[WhiteTitle "WIM"]
[BlackTitle "WFM"]
[WhiteElo "2416"]
[BlackElo "2121"]
[WhiteTeam "Legacy Square Capital Moscow"]
[BlackTeam "Ladya Tatarstan"]
[WhiteFideId "24171760"]
[BlackFideId "34111546"]
[EventDate "2018.05.01"]

1. d4 Nf6 2. c4 e6 3. Nf3 d5 4. Nc3 Bb4 5. cxd5 exd5 6. Bg5 O-O 7. e3 Bf5 8. Qb3
Bxc3+ 9. bxc3 Nbd7 10. Be2 c5 11. O-O c4 12. Qxb7 Qb6 13. Qxb6 axb6 14. Nh4 Be6
15. f3 Ra3 16. Rfc1 Rfa8 17. Rc2 h6 18. Bxf6 Nxf6 19. g4 g6 20. h3 Kg7 21. Kf2
Bd7 22. Ng2 Ba4 23. Rb2 Bb3 24. Ne1 Rxa2 25. Rbxa2 Rxa2 26. Rxa2 Bxa2 27. Nc2
Kf8 28. h4 g5 29. h5 Bb3 30. Nb4 Ba4 31. Ke1 Bd7 32. Bd1 Bc8 33. Kf2 Bb7 34. Bc2
Ke7 35. Bf5 Ne8 36. e4 Kd6 37. Ke3 Nc7 38. Bh7 Ke7 39. Bf5 Kd6 40. Kd2 f6 41.
Nc2 Ne8 42. Ne3 Ng7 43. Bg6 Bc6 44. Kc2 b5 45. Kb2 dxe4 46. fxe4 Bd7 47. Ka3 Kc6
48. Kb4 Bc8 49. Ka5 Bd7 50. Bf7 Kd6 51. Kb6 Ke7 52. Bg6 Kd6 53. Bh7 Bc6 54. Bf5
Be8 55. Bc8 Ke7 56. Kc5 Kd8 57. Bf5 Nxh5 58. gxh5 Bxh5 59. Ng4 Ke7 60. Nxh6 1-0

[Event "TCh-RUS Women 2018"]
[Site "Sochi RUS"]
[Date "2018.05.02"]
[Round "2.2"]
[Board "1"]
[White "Ushenina, Anna"]
[Black "Dordzhieva, Dinara"]
[Result "1/2-1/2"]
[WhiteTitle "GM"]
[BlackTitle "WIM"]
[WhiteElo "2443"]
[BlackElo "2301"]
[WhiteTeam "Ugra"]
[BlackTeam "Devyataya gorizontal Moscow"]
[WhiteFideId "14110911"]
[BlackFideId "24157570"]
[EventDate "2018.05.01"]

1. d4 d5 2. c4 e6 3. Nf3 Nf6 4. e3 c5 5. dxc5 Bxc5 6. a3 Be7 7. Nc3 dxc4 8.
Qxd8+ Bxd8 9. Bxc4 a6 10. Bd3 Nbd7 11. Nd4 O-O 12. Bd2 Ne5 13. Be2 Bd7 14. Nf3
Nc6 15. O-O Rc8 16. Rfd1 Bc7 17. Be1 Rfd8 18. Nd2 Ne5 19. h3 Bc6 20. Nb3 Bb6 21.
Rac1 Be8 22. Rxd8 Rxd8 23. Rc2 Bc6 24. Rd2 Rxd2 25. Bxd2 Ne4 26. Nxe4 Bxe4 27.
Bc3 Nd7 28. Nd2 Bd5 29. Nc4 Bc7 30. Kf1 Nb6 31. Nxb6 Bxb6 32. Bd3 Bc6 33. g3 f5
34. Ke2 Kf7 35. h4 g6 36. Be5 Bb5 37. Bxb5 axb5 38. Kd3 Ke7 39. Bd4 Bc7 40. Bc5+
Kd7 41. Bb4 1/2-1/2

[Event "TCh-RUS Women 2018"]
[Site "Sochi RUS"]
[Date "2018.05.02"]
[Round "2.2"]
[Board "2"]
[White "Smirnova, Ekaterina"]
[Black "Pogonina, Natalija"]
[Result "1/2-1/2"]
[WhiteTitle "WFM"]
[BlackTitle "WGM"]
[WhiteElo "2149"]
[BlackElo "2457"]
[WhiteTeam "Devyataya gorizontal Moscow"]
[BlackTeam "Ugra"]
[WhiteFideId "4110943"]
[BlackFideId "4147855"]
[EventDate "2018.05.01"]

1. d4 d5 2. c4 e6 3. cxd5 exd5 4. Nc3 c6 5. Nf3 Be7 6. Bf4 Nf6 7. Qc2 Nbd7 8. e3
Nh5 9. Bg3 Nxg3 10. hxg3 Nf6 11. Bd3 h6 12. Nh4 h5 13. O-O-O Be6 14. Nf5 Bxf5
15. Bxf5 g6 16. Bd3 Qa5 17. g4 O-O-O 18. gxh5 Rxh5 19. Rxh5 Nxh5 20. Rh1 Nf6 21.
g4 Bb4 22. g5 Ne4 23. Nxe4 dxe4 24. Bxe4 Qxa2 25. Rh7 Kb8 26. Bd3 Qa1+ 27. Qb1
Qa5 28. Rxf7 Qxg5 29. Kc2 Qd5 30. Rh7 Rf8 31. Qg1 a5 32. Kb1 Ka7 33. Qxg6 Rg8
34. Qf7 Qxf7 35. Rxf7 Rf8 36. Rxf8 Bxf8 37. b3 Bg7 38. Kc2 b5 39. Bg6 Kb6 40.
Kd3 Kc7 41. f4 Bh6 42. Ke4 Kd6 43. Kf5 Bg7 44. Ke4 Bh6 45. Kd3 c5 46. dxc5+ Kxc5
47. Ke4 a4 48. bxa4 bxa4 49. Bf7 Kd6 50. Ba2 Ke7 51. Kf5 Bg7 52. Kg6 Bc3 53. e4
Bd2 54. Kf5 Kf8 55. e5 Ke7 56. Ke4 Bc1 57. f5 Bg5 58. Kf3 Kf8 59. f6 Bd2 60. Ke4
Bb4 61. e6 a3 62. Kd5 Ke8 63. Bb3 Kd8 64. Kc6 Bf8 65. Kd5 Bb4 66. Ke4 Ke8 67.
Kf5 Kf8 68. Kg6 Bc5 69. Kf5 Ke8 70. Ke5 Bb4 71. Kd5 Kd8 72. Kc6 Bf8 1/2-1/2

[Event "TCh-RUS Women 2018"]
[Site "Sochi RUS"]
[Date "2018.05.02"]
[Round "2.2"]
[Board "3"]
[White "Girya, Olga"]
[Black "Tomashevskaya, Lidia"]
[Result "1/2-1/2"]
[WhiteTitle "WGM"]
[BlackTitle "WIM"]
[WhiteElo "2465"]
[BlackElo "2146"]
[WhiteTeam "Ugra"]
[BlackTeam "Devyataya gorizontal Moscow"]
[WhiteFideId "4195752"]
[BlackFideId "4113110"]
[EventDate "2018.05.01"]

1. d4 d5 2. c4 c6 3. Nc3 dxc4 4. e3 b5 5. a4 b4 6. Ne4 Qd5 7. Ng3 Nf6 8. Be2 e6
9. Nf3 h5 10. Ne5 h4 11. Nh5 Ba6 12. O-O Nxh5 13. Bxh5 g6 14. Bf3 Qd6 15. Qc2
Qc7 16. Nxc4 Nd7 17. b3 Bg7 18. Bb2 Rc8 19. Rac1 O-O 20. Rfd1 Rfd8 21. Qe4 Bf6
22. Ne5 Nxe5 23. dxe5 Rxd1+ 24. Rxd1 Be7 25. g3 hxg3 26. hxg3 c5 27. Kg2 c4 28.
bxc4 Qxc4 29. Qxc4 Bxc4 30. Rd7 Bc5 31. Bb7 Rb8 32. Rc7 Rxb7 33. Rxc5 Bd5+ 34.
f3 Bb3 35. a5 Ba4 36. g4 a6 37. f4 Rb5 38. Rc8+ Kg7 39. f5 gxf5 40. gxf5 Rd5 41.
Kg3 Rd2 42. Bd4 b3 43. Rc4 Bb5 44. Rb4 exf5 45. Rxb3 Kg6 46. Rc3 Rd1 47. Rc8
Rg1+ 48. Kf2 Rf1+ 49. Kg3 Rg1+ 50. Kh2 Rg4 51. Rg8+ Kh5 52. Rh8+ Kg6 53. Rg8+
Kh5 54. Rf8 Kg6 55. Rg8+ 1/2-1/2

[Event "TCh-RUS Women 2018"]
[Site "Sochi RUS"]
[Date "2018.05.02"]
[Round "2.2"]
[Board "4"]
[White "Ivanova, Karina"]
[Black "Nechaeva, Marina"]
[Result "0-1"]
[WhiteTitle "WFM"]
[BlackTitle "IM"]
[WhiteElo "2128"]
[BlackElo "2407"]
[WhiteTeam "Devyataya gorizontal Moscow"]
[BlackTeam "Ugra"]
[WhiteFideId "24139750"]
[BlackFideId "4149351"]
[EventDate "2018.05.01"]

1. Nf3 Nf6 2. g3 g6 3. Bg2 Bg7 4. O-O O-O 5. c4 d6 6. d4 Nbd7 7. Nc3 e5 8. e4
Re8 9. h3 exd4 10. Nxd4 Nc5 11. Re1 a5 12. f3 c6 13. Be3 a4 14. Qc2 Qa5 15. Rad1
Nfd7 16. Nce2 Ne5 17. Nf4 Bd7 18. Kh2 Qa6 19. Nde2 Bf8 20. Rd4 f5 21. Red1 fxe4
22. fxe4 Ne6 23. Nxe6 Bxe6 24. b3 axb3 25. axb3 b5 26. cxb5 Qxb5 27. Rb1 Rab8
28. b4 Nc4 29. Bc1 Ra8 30. Nf4 Na3 31. Bxa3 Rxa3 32. Nxe6 Rxe6 33. Rb3 Ra7 34.
Qc4 Qxc4 35. Rxc4 c5 36. b5 Ra2 37. b6 Re8 38. b7 Rb8 39. e5 dxe5 40. Rd3 Rxb7
41. Ra4 Rab2 42. Kh1 Rc7 43. Bd5+ Kg7 44. h4 Rb4 45. Rxb4 cxb4 46. Kg2 Bc5 47.
Kf3 Bd4 48. Ke4 h5 49. Rf3 Rc3 50. Rxc3 Bxc3 51. Kf3 Be1 52. Be4 b3 53. Bd5 b2
54. Be4 Kf6 55. Bb1 g5 56. hxg5+ Kxg5 57. Be4 Kf6 58. Bb1 Bd2 59. Ke4 Bc3 60.
Kf3 Ba5 61. Be4 Bd8 62. Bb1 Ke6 63. Ke4 Bc7 64. Ba2+ Kf6 65. Bb1 Ba5 66. Kf3 Bb4
67. Be4 Be7 68. Bb1 Ke6 69. Ke4 Kd6 70. Ba2 Bg5 71. Bb1 Bh6 72. Ba2 Bg7 73. Bb1
Kc5 74. Kd3 Kb4 75. Ba2 Ka3 76. Bb1 Kb3 77. Ke2 Kc3 78. Ke3 Bf8 79. Ke4 Bd6 80.
Ke3 Bc5+ 81. Ke2 Kd4 82. Kf3 Bb4 83. g4 e4+ 84. Kg3 e3 85. Kf3 hxg4+ 86. Ke2 g3
87. Kf1 g2+ 0-1

[Event "TCh-RUS Women 2018"]
[Site "Sochi RUS"]
[Date "2018.05.02"]
[Round "2.3"]
[Board "1"]
[White "Bivol, Alina"]
[Black "Bodnaruk, Anastasia"]
[Result "1-0"]
[WhiteTitle "WGM"]
[BlackTitle "IM"]
[WhiteElo "2327"]
[BlackElo "2446"]
[WhiteTeam "Moskovskaya oblast"]
[BlackTeam "SShOR St. Petersburg"]
[WhiteFideId "4100123"]
[BlackFideId "4181751"]
[EventDate "2018.05.01"]

1. e4 c5 2. Nc3 d6 3. d4 cxd4 4. Qxd4 Nc6 5. Qd2 Nf6 6. b3 e5 7. Bb2 Be7 8. f4
O-O 9. O-O-O Nd4 10. Kb1 Bg4 11. Re1 Rc8 12. Bd3 Qa5 13. h3 Bd7 14. Rd1 Bd8 15.
a3 Bc6 16. Nf3 Re8 17. Rhe1 a6 18. Qf2 Nxf3 19. Qxf3 exf4 20. Qxf4 Bd7 21. b4
Qe5 22. Qd2 Qh5 23. e5 dxe5 24. g4 Qh4 25. g5 Nh5 26. Bxh7+ Kxh7 27. Qxd7 Bxg5
28. Qxf7 Nf6 29. Qxb7 Rc4 30. Nd5 Ne4 31. Qf7 Nd6 32. Qf1 Nb5 33. Qf5+ Kg8 34.
Rg1 Bd8 35. Qg6 1-0